| 000 | 00902nam a22002177a 4500 | ||
|---|---|---|---|
| 999 |
_c12492 _d12492 |
||
| 003 | AR-CdUCM | ||
| 008 | 190409b ||||| |||| 00| 0 spa d | ||
| 040 |
_aMUNICIPALIDAD PROVINCIAL DEL CUSCO _cBIBLIOTECA MUNICIPAL DEL CUSCO |
||
| 082 |
_a327.8 / _bG88 / 1926 |
||
| 100 |
_aGuevara, Víctor J. _920584 |
||
| 245 | _aHacia Indolatinia / | ||
| 260 |
_aCuzco : _bCornejo, _c1926. |
||
| 300 |
_a208 páginas ; _c17 cm. |
||
| 500 | _aAl texto le falta la tapa. | ||
| 505 | _aContenido: La supranacionalización de la prensa - hacia Indolatinia -- La constitución mexicana -- Acotaciones a las constituciones del Perú, Alemania y Uruguay -- La independencia del poder judicial -- El indio y las leyes civiles -- La reforma indígena -- Jucios críticos. | ||
| 650 |
_aPoder judicial _96955 |
||
| 650 |
_aPerú _935 |
||
| 650 |
_aSociales _928612 |
||
| 942 |
_2ddc _cLIBROS |
||
| 945 |
_arah _d09/04/2019 |
||